000
00358nam a2200157Ia 4500
003
GCL
008
140319s9999 xx 000 0 ara d
040
_a
GCL /
_c
GCL
082
0
4
_a
810.9
_b
ط ج
100
1
_a
طه حسين
245
1
0
_a
جنة الشوك /
_c
طه حسين
490
_a
650
0
4
_a
الادب
650
0
4
_a
القصص
942
_2
ddc
_c
BK
999
_c
39517
_d
39517